Statistics for Top 20 Words Starting With RI

Click here to take the quiz!

General Stats

  • This quiz has been taken 324 times
  • The average score is 12 of 20

Answer Stats

rank length word % Correct
93rid
97%
193rig
96%
153rip
96%
183rib
93%
74ride
89%
24rise
79%
15right
77%
104rice
75%
64rich
67%
34risk
64%
45river
62%
54ring
58%
165rifle
45%
176ribbon
45%
124riot
36%
115ridge
34%
85rival
32%
136ritual
26%
1410ridiculous
20%
205rigid
16%

Score Distribution

Percentile by Number Answered

Percent of People with Each Score

Your Score History

You have not taken this quiz